000 00544nam a2200181Ia 4500
008 220216s9999 xx 000 0 und d
100 _aRosca I D
245 0 _aRheometers in scanning mode for cure of rubbers with low enthalpy: Effect of heating rate and rubber-die contact
260 _bPlastics, Rubber and Composites
_c2004
300 _a130-136
650 _aCure kinetics
650 _aCure of rubbers
650 _aDSC in scanning mode
650 _aHeat transfer
700 _aGranger R
700 _aVergnaud J M
942 _cJS
999 _c67092
_d67092